| 000 | 00695nam a2200193Ii 4500 | ||
|---|---|---|---|
| 003 | JO-AjNU | ||
| 008 | 230605s9999||||xx |||||||||||||| ||und|| | ||
| 040 |
_aJO-AjNU _bara _erda _cJO-AjNU |
||
| 041 | _aara | ||
| 050 | 1 | 4 | _aPJ7701.6.J3.A17 1982 |
| 100 | 3 |
_aصنعه البقاعي،محمد خير, _eauthor _97848 |
|
| 245 | 0 | 0 | _aديوان الباهلي (محمد بن حازم الباهلي) |
| 264 | 3 | 1 | _aدمشق:دار قتيبة للطباعة والنشر والتوزيع،1982 |
| 300 | _a117ص | ||
| 336 |
_atext _btxt _2rdacontent |
||
| 337 |
_aunmediated _bn _2rdamedia |
||
| 338 |
_avolume _bnc _2rdacarrier |
||
| 650 | 4 |
_a الشعر العربي - العصر العباسي _97849 |
|
| 999 |
_aA487 _c4055 _d4055 |
||